| 000 | 00352nam a2200145Ia 4500 | ||
|---|---|---|---|
| 008 | 150201s1985 xx 000 0 und d | ||
| 082 |
_a617.525 _bM1985G |
||
| 100 | _aGEOFFRY L. HOME | ||
| 245 | _aMINOR ORAL SURGERY | ||
| 250 | _a3RD | ||
| 260 |
_bVARGHESER COMP _aDADAR(MUMBAI) _c1985 |
||
| 300 | _a1-427 | ||
| 650 | _aORAL SURGERY | ||
| 942 |
_2ddc _cBK |
||
| 999 |
_c3265 _d3265 |
||